000 00820nam a22002057a 4500
003 SEM
005 20260211153131.0
008 251017s1928 ||||gr||||||01|||arm|d
040 _aSEM
_cSEM
041 _aarm
080 _a947.925(Սփ)/Ս-98
100 _aՍուֆեան, Յ.
_q[Սուֆյան, Յ.]
245 _aԵգիպտոսի հայ մէմլուքներն ու իշխանները Ֆաթիմեան շրջանին /
_cՅ․ Սուֆեան
246 _a[Եգիպտոսի հայ մեմլուքներն ու իշխանները Ֆաթիմեան շրջանին] /
260 _aԳահիրէ :
_a[Կահիրե] :
_bՏպ. Լուսարձակ,
_c1928.
300 _a80 էջ ;
_bքարտեզ, լուսանկար ;
_c18 սմ
650 _aՊատմություն
_zԵգիպտոս
653 _aՍԷՄ
942 _2udc
_cBK
_n0
999 _c77084
_d77084